<?xml version='1.0' encoding='UTF-8'?>
  <record xmlns="http://www.loc.gov/MARC21/slim">
    <leader>00000cam a22000007i 4500</leader>
    <controlfield tag="001">ocm65311308</controlfield>
    <controlfield tag="003">OCoLC</controlfield>
    <controlfield tag="005">20250226173704.4</controlfield>
    <controlfield tag="008">900627s1615    ne            000 0 dut d</controlfield>
    <datafield tag="040" ind1=" " ind2=" ">
      <subfield code="a">NLGGC</subfield>
      <subfield code="b">dut</subfield>
      <subfield code="e">fobidrtb</subfield>
      <subfield code="c">NLGGC</subfield>
    </datafield>
    <datafield tag="029" ind1="0" ind2=" ">
      <subfield code="a">NLGGC</subfield>
      <subfield code="b">063465647</subfield>
    </datafield>
    <datafield tag="035" ind1=" " ind2=" ">
      <subfield code="a">(OCoLC)65311308</subfield>
    </datafield>
    <datafield tag="245" ind1="0" ind2="0">
      <subfield code="a">Placaet van de Heeren Staten vanden Lande van Utrecht jegens verscheyden abusen, inconvenienten ende quade feyten, daer by die huyslieden ende anderen onder pretext van beterschap, uut moetwillicheyt ofte andersins, haren gront-heeren ofte andere personen in ofte aen haren landen, huysen, gewas, have, plantagien ende goederen beschadighen.</subfield>
    </datafield>
    <datafield tag="260" ind1=" " ind2=" ">
      <subfield code="a">T'Utrecht :</subfield>
      <subfield code="b">by Salomon de Roy,</subfield>
      <subfield code="c">1615.</subfield>
    </datafield>
    <datafield tag="300" ind1=" " ind2=" ">
      <subfield code="a">? ;</subfield>
      <subfield code="c">20 cm (4-o)</subfield>
    </datafield>
    <datafield tag="336" ind1=" " ind2=" ">
      <subfield code="a">tekst</subfield>
      <subfield code="b">txt</subfield>
      <subfield code="2">rdacontent/dut</subfield>
    </datafield>
    <datafield tag="337" ind1=" " ind2=" ">
      <subfield code="a">zonder medium</subfield>
      <subfield code="b">n</subfield>
      <subfield code="2">rdamedia/dut</subfield>
    </datafield>
    <datafield tag="338" ind1=" " ind2=" ">
      <subfield code="a">band</subfield>
      <subfield code="b">nc</subfield>
      <subfield code="2">rdacarrier/dut</subfield>
    </datafield>
    <datafield tag="776" ind1="0" ind2=" ">
      <subfield code="t">Placaet van de Heeren Staten vanden Lande van Utrecht jegens verscheyden abusen, inconvenienten ende quade feyten, daer by die huyslieden ende anderen onder pretext van beterschap, uut moetwillicheyt ofte andersins, haren gront-heeren ofte andere personen in ofte aen haren landen, huysen, gewas, have, plantagien ende goederen beschadighen</subfield>
      <subfield code="w">(NL-LeOCL)425995542</subfield>
    </datafield>
    <datafield tag="936" ind1=" " ind2=" ">
      <subfield code="a">BATCHLOAD</subfield>
    </datafield>
  </record>